| 000 | 01230nam a2200325 i 4500 | ||
|---|---|---|---|
| 003 | EG-GICUC | ||
| 005 | 20260121101452.0 | ||
| 008 | 251211s1994 ua ||||fr|||| 00| 0 ara d | ||
| 017 | _a1994/1675 | ||
| 020 | _a977006419X | ||
| 040 |
_a EG-GICUC _bara _c EG-GICUC _d EG-GICUC _erda |
||
| 041 | 0 | _aara | |
| 082 | 0 | 4 |
_221 _a343.46 _bه ش . ج |
| 092 | 0 | 4 | _221 |
| 099 | _aLaw1 10 343.46 ه ش . ج 1994 | ||
| 100 | 0 |
_aهشام محمد فريد رستم _eمؤلف. |
|
| 245 | 1 | 2 |
_aالجوانب الإجرائية للجرائم المعلوماتية : _bدراسة مقارنة / _cدكتور هشام محمد فريد رستم. |
| 264 | 1 |
_aأسيوط : _bمكتبة الآلآت الحديثة، _c1994. |
|
| 300 |
_a218 صفحة ؛ _c24 سم. |
||
| 336 |
_2rda content _atext |
||
| 337 |
_2rda media _aComputer |
||
| 338 |
_2rda carrier _aOnline Resource |
||
| 504 | _a. 199-212 ببليوجرافيا: صفحات | ||
| 546 | _aالنص باللغة العربية | ||
| 650 | 1 | 4 | _aالتشريعات المتعلقة بتقنية المعلومات |
| 650 | 1 | 4 | _aالقانون الجنائي |
| 856 | 4 | 0 | _uhttps://fll.law.cu.edu.eg/fulltext/bks/B10-06964.pdf |
| 905 |
_a77 _eHassnaa |
||
| 942 |
_2ddc _cBK _e21 _n0 |
||
| 999 |
_c49862 _d49862 |
||